00806 2200265 4500001002100000005001700021008004100038035002400079082001200103090002400115100002700139245011000166250001600276260005100292300003100343440003000374500003100404500001100435650002100446850001800467980001300485985000600498986001300504999002300517YOGYA-0209000005751520090227034229.0 ind  0010-020900000057515 a344.046 a344.046bHar HlDEP aHARJASUMANTRI, Kusnadi aHukum perlindungan lingkunganbkonservasi sumber daya alam hayati dan ekosistemnyacKusnadi Harjasumantri aEd.1, cet.1 aYogyakartabGadjah Mada University Pressc1991 axiii, 567 hlmbilusc21 cm aSeri hukum lingkungan ; 2 aBibliografi : hlm. 481-485 aIndeks aHukum lingkungan aYOPDYOG (DEP) a24-09-05 a1 afwhrtrev a1991-149 h CB-D.11